[Event "Subang Jaya op 12th"]
[Site "Subang Jaya"]
[Date "2024.01.27"]
[Round "2"]
[White "Fan, Li Feng"]
[Black "See, Hooi Chin"]
[Result "0-1"]
[WhiteElo "1304"]
[BlackElo "1529"]
[PlyCount "84"]
[EventDate "2024.01.27"]
[EventType "swiss"]
[EventRounds "8"]
[EventCountry "MAS"]
[SourceTitle "CB06_2024"]
[SourceDate "2024.02.07"]
[SourceVersion "1"]
[SourceVersionDate "2024.02.07"]
[SourceQuality "1"]

1. d4 Nf6 2. Nc3 g6 3. Bf4 Bg7 4. e4 d6 5. Bd3 0-0 6. Nge2 Nbd7 7. 0-0 e5 8. dxe5 Nxe5 9. f3 c6 10. Qd2 Be6 11. Kh1 Nh5 12. Bh6 Bxh6 13. Qxh6 Qh4 14. Qe3 c5 15. b3 a6 16. a4 Rac8 17. Nd5 Bxd5 18. exd5 Rfe8 19. Qd2 Nxd3 20. Qxd3 Rxe2 21. Kg1 Rxg2+ 22. Kxg2 Nf4+ 23. Kg1 Nxd3 24. cxd3 Re8 25. Rf2 Re5 26. f4 Re3 27. f5 Qg4+ 28. Kh1 Rf3 29. Rg2 Qxf5 30. Re1 Rf1+ 31. Rxf1 Qxf1+ 32. Rg1 Qf3+ 33. Rg2 h5 34. Kg1 Kg7 35. a5 h4 36. d4 Qd1+ 37. Kf2 Qxd4+ 38. Kf1 h3 39. Ra2 Qxd5 40. b4 Qxa2 41. bxc5 dxc5 42. Kg1 Qg2# 0-1